| 000 | 00723nam a2200205Ia 4500 | ||
|---|---|---|---|
| 003 | GCL | ||
| 005 | 20240530102359.0 | ||
| 008 | 140319s9999 xx 000 0 ara d | ||
| 040 |
_aGCL / _cGCL |
||
| 082 | 0 | 4 |
_a327.11 _bش م |
| 100 | 1 | _aمركز الاهرام للترجمة والنشر | |
| 245 | 1 | 0 |
_aماذا بعد عاصفة الخليج : رؤية عالمية لمستقبل الشرق الاوسط / _cمركز الاهرام للترجمة والنشر |
| 260 |
_a[S.N] : _bمركز الاهرام للترجمة والنشر ، _c1992 |
||
| 300 | _a207 ص | ||
| 650 | 0 | 4 | _aالكويت |
| 650 | 0 | 4 | _aالعراق |
| 650 | 0 | 4 | _aالشرق الاوسط |
| 650 | 0 | 4 | _aحرب الخليج |
| 942 |
_2ddc _cBK |
||
| 999 |
_c31837 _d31837 |
||